LEADER 01239nam 2200349Ia 450 001 996397192503316 005 20200824132142.0 035 $a(CKB)4940000000055784 035 $a(EEBO)2248517479 035 $a(OCoLC)ocm11910792e 035 $a(OCoLC)11910792 035 $a(EXLCZ)994940000000055784 100 $a19850412d1645 uy | 101 0 $aeng 135 $aurbn||||a|bb| 200 10$aEnglands antidote against the plague of civil vvarre$b[electronic resource] $epresented in a sermon before the honorable House of Commons on their late extraordinary solemne fast, October 22, 1644 /$fby Edmund Calamy .. 210 $aLondon $cPrinted by I. L. for Christopher Meredith ...$d1645 215 $a[8], 45 p 300 $aReproduction of original in Thomason Collection, British Library. 330 $aeebo-0158 606 $aFast-day sermons 607 $aGreat Britain$xHistory$yCivil War, 1642-1649$vSermons 615 0$aFast-day sermons. 700 $aCalamy$b Edmund$f1600-1666.$01002065 801 0$bEAA 801 1$bEAA 801 2$bm/c 801 2$bWaOLN 906 $aBOOK 912 $a996397192503316 996 $aEnglands antidote, against the plague of civil vvarre$92382183 997 $aUNISA LEADER 01811nam 22005895u 450 001 9910158702103321 005 20211006144752.0 010 $a9783318042375 010 $a3318042374 035 $a(CKB)3780000000101148 035 $a(OCoLC)968642563 035 $a(SZ-BaSKA)221410 035 $a(MiAaPQ)EBC31867015 035 $a(Au-PeEL)EBL31867015 035 $a(EXLCZ)993780000000101148 100 $a20211006d1987 uy 0 101 0 $aeng 135 $aurunu||||| 181 $ctxt$2rdacontent 182 $cc$2rdamedia 183 $acr$2rdacarrier 200 10$aApplied Nutritional Principles in Health and Disease / $f editor, G.H. Bourne 205 $a1st ed. 210 $aBasel : $cS. Karger, $d1987 215 $a1 online resource (X + 302 pages) : $c 52 figures, 44 tables 225 1 $aIssn Series 311 08$a9783805546812 311 08$a3805546815 327 $a978-3-8055-4681-2_Cover -- 978-3-8055-4681-2_00I -- 978-3-8055-4681-2_001 -- 978-3-8055-4681-2_028 -- 978-3-8055-4681-2_069 -- 978-3-8055-4681-2_171 -- 978-3-8055-4681-2_218 -- 978-3-8055-4681-2_297. 410 0$aIssn Series 606 $aNutrition 606 $aMetabolic Diseases 606 $aBiochemistry 606 $aDietetics 606 $aPediatrics 606 $aPublic Health 615 14$aNutrition 615 14$aMetabolic Diseases 615 24$aBiochemistry 615 24$aDietetics 615 24$aPediatrics 615 24$aPublic Health 676 $a612.3 s 676 $a613.2 700 $aBourne$b G.H 701 $aBourne$b Geoffrey H$g(Geoffrey Howard),$f1909-1988.$063248 801 0$bUKSKG 801 1$bUKSKG 906 $aBOOK 912 $a9910158702103321 996 $aApplied Nutritional Principles in Health and Disease$92858627 997 $aUNINA